Joventut esportiva, Societat Activa
Descripción Física:
32 pàgs. ; il·lustracions i fotografies color ; 30 cm
Colección:
Projectes transformadors
; 22
Idioma:
Catalán
MARC
| LEADER | 00000nam a22000007a 4500 | ||
|---|---|---|---|
| 001 | 28374 | ||
| 003 | AGDB | ||
| 005 | 20260324181521.0 | ||
| 008 | 240117b spa||||| |||| 00| 0 cat d | ||
| 017 | |a B 6353-2023 | ||
| 040 | |a agdb |b cat | ||
| 110 | |9 56130 |a Barcelona (Catalunya : Província). |b Àrea d'Educació, Esports i Joventut | ||
| 245 | |a Joventut esportiva, Societat Activa | ||
| 250 | |a 1a edició: |b març de 2023 | ||
| 260 | |a Barcelona : |b Diputació de Barcelona ; |c 2023 | ||
| 300 | |a 32 pàgs. ; |b il·lustracions i fotografies color ; |c 30 cm | ||
| 490 | |a Projectes transformadors ; |v 22 | ||
| 504 | |a Conté referències bibliogràfiques. | ||
| 650 | 0 | |a Joves i esports |z Barcelona (Catalunya : Província) |9 49227 | |
| 650 | 0 | |9 20537 |a Política de la joventut | |
| 856 | 4 | 0 | |u https://llibreria.diba.cat/cat/llibre/joventut-esportiva-societat-activa_68924 |z Accés lliure |
| 942 | |2 udc |c ARXIU |n 1 | ||
| 952 | |0 0 |1 0 |4 0 |6 FU7637 |7 1 |9 96600 |a Arxiu |b Arxiu |d 2024-01-17 |l 0 |o FU-76-37 |p 28374 |r 2024-01-17 00:00:00 |w 2024-01-17 |y ARXIU | ||
| 999 | |c 128444 |d 128444 | ||